Top 10 Countries Who Produce the Best Rice - Statistics

General Stats
  • This quiz has been taken 25 times
  • The average score is 4 of 10
Answer Stats
Answer % Correct
China
96%
Indonesia
83%
Japan
83%
Pakistan
63%
Turkey
29%
Egypt
25%
Saudi Arabia
8%
Lebanon
4%
Kuwait
0%
Qatar
0%
No matching quizzes found
Score Distribution
Percent of People with Each Score
Percentile by Number Answered
Your Score History
You have not taken this quiz